000 00278nam a2200109Ia 4500
008 190216s9999||||xx |||||||||||||| ||und||
100 _aRobert S Kaplan
245 0 _aAdvanced Management Accounting
260 _bPrentice Hall Of India Pvt Ltd
_c1982
300 _a655p
942 _cBK
999 _c5393
_d5393